| 000 | 00477nam a22001817a 4500 | ||
|---|---|---|---|
| 003 | CEME | ||
| 005 | 20210628203333.0 | ||
| 008 | 210126b xxu||||| |||| 00| 0 eng d | ||
| 020 | _a97807637-81385 | ||
| 040 | _c. | ||
| 082 | _a005.7585 BAG | ||
| 100 |
_aBagui, Sikha, Earp, Richard _964814 |
||
| 245 | _aEssential sql on sql server 2008 | ||
| 260 |
_aBOSTON _bJOHN AND BARLETT _c2010 |
||
| 300 | _aXIII,384P | ||
| 650 |
_aSQL ON SQL SERVER 2008 _964815 |
||
| 942 |
_cBK _2ddc |
||
| 999 |
_c573198 _d573198 |
||